000 00514nam a2200205Ia 4500
003 OSt
005 20220926035616.0
006 a|||||r|||| 00| 0
007 ta
008 220923b |||||||| |||| 00| 0 eng d
037 _cGeneral Book
040 _aRTL
_cRTL
_beng
041 _2eng
_aeng
082 _aXz7, J8
100 _aHabakkuk John H
_9342522
245 0 _aLectures on economic evelopment
260 _c1958
942 _hXz7, J8
_cGB
_2CC
999 _c662639
_d662639